Manual de derechos reales

Guardado en:
Detalles Bibliográficos
Autor principal: Kiper, Claudio
Formato: Libros domicilio, Libros Sala
Lenguaje:Español
Publicado: Rubinzal-Culzoni
Edición:2a. edición actualizada
Materias:
LEADER 00913nam#a2200337#c#4500
001 UMA-000287
003 UMA
005 20260514 161442
008 260514suuuu#### ##########||||#0#spa#d
020 # # |a 9789873012570 
041 0 |a spa 
044 # # |a ag 
082 0 4 |a SEDE CENTRAL 346 KIP 
100 1 # |a Kiper, Claudio  |e Autor 
245 0 0 |a Manual de derechos reales  |c Claudio Kiper 
250 # # |a 2a. edición actualizada 
264 # 0 |a Santa Fe, Argentina  |b Rubinzal-Culzoni  |c 2021 
300 # # |a 919 páginas  |c 23 x 16 cm 
336 # # |a texto  |b txt  |2 rdacontent 
337 # # |a no mediado  |b n  |2 rdamedia 
338 # # |a volumen  |b nc  |2 rdacarrier 
650 # 0 |a Derecho 
650 # 0 |a Derechos reales 
650 # 0 |a Manuales 
650 # 0 |a Dominio 
650 # 0 |a Dominio imperfecto 
650 # 0 |a Condominio 
650 # 0 |a Propiedad horizontal 
650 # 0 |a Cementerios privados 
650 # 0 |a Acciones reales 
650 # 0 |a Sede Central